000 00488cam a2200181ua 4500
001 6830
005 20260515114119.0
008 140219n ii |||gr||||Z||||||asm
040 _cMAIN
082 _a346
245 1 1 _aHastantarjogya dalil ain
_cBy Prafulla Sharma Kotoki
260 _aGuwahati:
_bPathyaputhi prastuti samanay samiti,
_c1975.
300 _ax,99p.
653 _aCommerce
653 _aHastantarjogya dalil ain
700 1 _aKotoki,Prafulla Sharma,
_eAuthor.,
942 _cBK
999 _c5973
_d5973